000
00297nam a22001337a 4500
008
170929b xxu||||| |||| 00| 0 eng d
020
_a
0023248807
041
_a
eng
080
_2
5 ED
_a
37
100
_a
47
101
_a
EDU
245
_a
INTRODUCTION TO LOGIC
_c
COPI.I.M
942
_2
udc
_c
BK
999
_c
30774
_d
30774